00315 a2200109 4500001001000000005001700010008004100027245003200068100002300100773006700123999001500190ART_2593420260410161603.0260409a 10aEstado de flujo de efectivo1 aPetti, Ana María0 tProfesional & Empresariag- Año V, Nº 55 (abr. 2004)wREV70 c9889d9889